000 03775nam a22003975i 4500
001 978-981-16-8618-4
003 DE-He213
005 20250131131457.0
007 cr nn 008mamaa
008 211216s2022 si | s |||| 0|eng d
020 _a9789811686184
_9978-981-16-8618-4
024 7 _a10.1007/978-981-16-8618-4
_2doi
040 _aKO
_beng
041 0 _aeng
082 0 4 _a621.4
_223
245 1 0 _aEngine Modeling and Simulation
_h[electronic resource] /
_cedited by Avinash Kumar Agarwal, Dhananjay Kumar, Nikhil Sharma, Utkarsha Sonawane.
250 _a1st ed. 2022.
264 1 _aSingapore :
_bSpringer Nature Singapore :
_bImprint: Springer,
_c2022.
300 _aXIV, 364 p. 142 illus., 112 illus. in color.
_bonline resource.
338 _aonline resource
490 1 _aEnergy, Environment, and Sustainability,
_x2522-8374
505 0 _aIntroduction to Engine Modeling and Simulation -- Development of Engine Models and Analysis of Cylinder Bore Piston Stresses and Temperature Effects in IC Engine -- Mathematical Modeling of Injection and Spray Characteristics of a Diesel Engine: A Review -- Spray Breakup Modelling for Internal Combustion Engines -- Modeling and Simulation of Diesel Engines using CFD and its Applications in Optimizing Various In-Cylinder Techniques -- Physical and Data-Driven Models Hybridisation for Modelling the Dynamic State of a Four-Stroke Marine Diesel Engine -- Soot Particles and NOx Modelling for Diesel Engine -- NOx emission prediction model for DI diesel engine -- Fundamentals, Evolution, and Modeling of Ignition Systems for Spark Ignition Engines -- Methods in SI engine modelling: Auto calibration of combustion and heat transfer models, and exergy analysis -- Investigation on the effect of injection timings on combustion, performance and emissions of a pure methanol fuelled DISI engine through 1-D simulations -- Automotive exhaust thermoelectric generator unit integrated to exhaust noise muffler: Heat recovery and noise attenuation simulations -- Diesel engine waste heat recovery schemes for improved fuel economy and reduced emissions: Simulation result.
520 _aThis book focuses on the simulation and modeling of internal combustion engines. The contents include various aspects of diesel and gasoline engine modeling and simulation such as spray, combustion, ignition, in-cylinder phenomena, emissions, exhaust heat recovery. It also explored engine models and analysis of cylinder bore piston stresses and temperature effects. This book includes recent literature and focuses on current modeling and simulation trends for internal combustion engines. Readers will gain knowledge about engine process simulation and modeling, helpful for the development of efficient and emission-free engines. A few chapters highlight the review of state-of-the-art models for spray, combustion, and emissions, focusing on the theory, models, and their applications from an engine point of view. This volume would be of interest to professionals, post-graduate students involved in alternative fuels, IC engines, engine modeling and simulation, and environmental research.
650 0 _aEngines.
650 1 4 _aEngine Technology.
700 1 _aAgarwal, Avinash Kumar.
_eeditor.
_4edt
_4http://id.loc.gov/vocabulary/relators/edt
700 1 _aKumar, Dhananjay.
_eeditor.
_4edt
_4http://id.loc.gov/vocabulary/relators/edt
700 1 _aSharma, Nikhil.
_eeditor.
_4edt
_4http://id.loc.gov/vocabulary/relators/edt
700 1 _aSonawane, Utkarsha.
_eeditor.
_4edt
_4http://id.loc.gov/vocabulary/relators/edt
830 0 _aEnergy, Environment, and Sustainability,
_x2522-8374
856 4 0 _uhttps://doi.org/10.1007/978-981-16-8618-4
904 _aRUDRA_R
905 _aR_RANJAN
942 _2ddc
_cEB
999 _c3181
_d3181